Magnetic resonance of carbonaceous solids / (Record no. 25716)
[ view plain ]
| 000 -LEADER | |
|---|---|
| fixed length control field | 01227cam a22003015a 4500 |
| 001 - CONTROL NUMBER | |
| control field | 1089113 |
| 005 - DATE AND TIME OF LATEST TRANSACTION | |
| control field | 20171217095500.0 |
| 008 - FIXED-LENGTH DATA ELEMENTS--GENERAL INFORMATION | |
| fixed length control field | 920917t1993 dcua frb 101 0 eng d |
| 010 ## - LIBRARY OF CONGRESS CONTROL NUMBER | |
| LC control number | 92036495 |
| 020 ## - INTERNATIONAL STANDARD BOOK NUMBER | |
| International Standard Book Number | 0841218668 (alk. paper) |
| 040 ## - CATALOGING SOURCE | |
| Original cataloging agency | DLC |
| Language of cataloging | eng |
| Transcribing agency | DLC |
| Modifying agency | DLC |
| -- | EG-ScBUE |
| 082 04 - DEWEY DECIMAL CLASSIFICATION NUMBER | |
| Classification number | 662.62 |
| Item number | MAG |
| Edition number | 22 |
| 245 00 - TITLE STATEMENT | |
| Title | Magnetic resonance of carbonaceous solids / |
| Statement of responsibility, etc | editors Robert E. Botto, Yuzo Sanada. |
| 260 ## - PUBLICATION, DISTRIBUTION, ETC. (IMPRINT) | |
| Place of publication, distribution, etc | Washington : |
| Name of publisher, distributor, etc | American Chemical Society, |
| Date of publication, distribution, etc | c.1993. |
| 300 ## - PHYSICAL DESCRIPTION | |
| Extent | xiv, 664 p. : |
| Other physical details | ill. ; |
| Dimensions | 24 cm. |
| 490 0# - Series Statement | |
| Series statement | Advances in chemistry series, |
| International Standard Serial Number | 0065-2393 ; |
| Volume/sequential designation | 229 |
| 500 ## - GENERAL NOTE | |
| General note | "Developed from a symposium sponsored by the International Chemical Congress of the Pacific Basin Societies." |
| 504 ## - BIBLIOGRAPHY, ETC. NOTE | |
| Bibliography, etc | Includes bibliographical references and indexes. |
| 650 #7 - SUBJECT ADDED ENTRY--TOPICAL TERM | |
| Topical term or geographic name as entry element | Coal |
| General subdivision | Analysis |
| -- | Congresses. |
| Source of heading or term | BUEsh |
| 650 #7 - SUBJECT ADDED ENTRY--TOPICAL TERM | |
| Topical term or geographic name as entry element | Carbon |
| General subdivision | Analysis |
| -- | Congresses. |
| Source of heading or term | BUEsh |
| 650 #7 - SUBJECT ADDED ENTRY--TOPICAL TERM | |
| Topical term or geographic name as entry element | Nuclear magnetic resonance spectroscopy |
| General subdivision | Congresses. |
| Source of heading or term | BUEsh |
| 651 ## - SUBJECT ADDED ENTRY--GEOGRAPHIC NAME | |
| Source of heading or term | BUEsh |
| 653 ## - INDEX TERM--UNCONTROLLED | |
| Resource For college | Engineering, General |
| Arrived date list | December2017 |
| 700 1# - ADDED ENTRY--PERSONAL NAME | |
| Personal name | Botto, Robert E., |
| Dates associated with a name | 1946- |
| Relator term | editor. |
| 700 1# - ADDED ENTRY--PERSONAL NAME | |
| Personal name | Sanada, Yuzo, |
| Dates associated with a name | 1932- |
| Relator term | editor. |
| 711 2# - ADDED ENTRY--MEETING NAME | |
| Meeting name or jurisdiction name as entry element | International Chemical Congress of Pacific Basin Societies |
| Date of meeting | (1989 : |
| Location of meeting | Honolulu, Hawaii) |
| 942 ## - ADDED ENTRY ELEMENTS (KOHA) | |
| Source of classification or shelving scheme | Dewey Decimal Classification |
| Withdrawn status | Item status | Source of classification or shelving scheme | Damaged status | Not for loan | Home library | Current library | Shelving location | Date acquired | Source of acquisition | Total Checkouts | Full call number | Barcode | Date last seen | Koha item type |
|---|---|---|---|---|---|---|---|---|---|---|---|---|---|---|
| Dewey Decimal Classification | Central Library | Central Library | First floor | 16/12/2017 | Purchase | 662.62 MAG | 000042660 | 15/07/2025 | Book - Borrowing |